|
|
|
|
| LEADER |
00744nam a22002172a 4500 |
| 001 |
000370412 |
| 003 |
CZ BrMZK |
| 005 |
20180320111016.0 |
| 008 |
980107s1892 xr f cze d |
| 015 |
|
|
|a cnb002124538
|
| 040 |
|
|
|a BOA001
|b cze
|
| 100 |
1 |
|
|a Turnovský, Josef Ladislav,
|d 1838-1901
|7 jk01140469
|4 aut
|
| 245 |
1 |
0 |
|a Život a doba Josefa Kajetána Tyla /
|c napsal Josef Ladislav Turnovský
|
| 260 |
|
|
|a V Praze :
|b A. Hynek,
|c [1892]
|
| 300 |
|
|
|a 345 s., příl.
|
| 910 |
|
|
|a BOA001
|b PK-I-0020.790
|
| 964 |
|
|
|a Tyl, Josef Kajetán - 1808-1856 - jk01140553 - životopisy
|
| 964 |
|
|
|a Bohemika - stol. 19.
|
| 990 |
|
|
|a BK
|
| 993 |
|
|
|a Y
|
| 996 |
6 |
|
|b 3119811223
|c PK-I-0020.790
|l MZK
|r Sklad / do 1 hodiny
|n 15
|w 000370412
|u 000010
|a 1
|e BOA001
|j MZK50
|s P
|